000 01243nam a2200277Ia 4500
003 OSt
005 20221005110301.0
006 a|||||r|||| 00| 0
007 ta
008 221004b |||||||| |||| 00| 0 hin d
020 _a9789383513390 (hbk)
_c350
024 _a26171
037 _b20, 17/03/2016, P. K. Books
_cTextual
040 _aCRL
_cCRL
_bhin
041 _2hin
_ahin
082 _aY5927wN56,1, 152Q5
100 _aमालगत्ति, अरविन्द
245 0 _aगवरमेंट ब्राह्माण
_b कन्नड़ भाषा की पहली दलित आत्मकथा
246 _aGavarameanṭa brāhmāṇa: kannaड़ bhāṣhā kī pahalī dalit ātmakathā
260 _aनई दिल्ली
_bस्वराज प्रकाशन भारत
_c2015
300 _a140पृ0
_ccm.
650 _aभारतीय-लोक साहित्य
700 _a कट्टीमनी, टी. वी., अनु.
_9623657
942 _hY5927wN56,1, 152Q5
_cTEXL
_2cc
999 _c1018328
_d1018328